000
00313 a2200109 4500
001
ART_7142
005
20260410161700.0
008
260409a
245
1
0
_a
Notas sobre variedades de crisis
100
1
_a
Heymann, Daniel
773
0
_t
Ensayos Económicos
_g
- Nº 53/54 (ene./jun. 2009)
_w
REV620
999
_c
15049
_d
15049